| 000 | 00627nam a22001577a 4500 | ||
|---|---|---|---|
| 005 | 20150202143240.0 | ||
| 008 | 150202b xxu||||| |||| 00| 0 eng d | ||
| 050 |
_aBF 575.S75 _b.Al366 2014 |
||
| 100 | _aAlecha, Geneviv Nicole B. | ||
| 245 |
_aStress and coping mechanisms of selected college working students of Southville International School and Colleges / _cGeneviv Nicole B. Alecha. |
||
| 260 |
_aPhilippines, Las PiƱas City : _bSouthville International School and Colleges, _cc2014. |
||
| 300 |
_a134 pages : _billustrations ; _c28 cm. |
||
| 521 | _aPsychology | ||
| 650 | _aStress(Psychology). | ||
| 942 |
_2lcc _cTH _kLOC |
||
| 999 |
_c282516 _d282516 |
||